|
|
|
|
| LEADER |
00954pam a22002178a 4500 |
| 001 |
00015747 |
| 005 |
20171026081022.0 |
| 008 |
110330s2003 ||||||Viesd |
| 041 |
0 |
# |
|a Vie
|
| 082 |
1 |
4 |
|a 306
|b B450T
|
| 110 |
1 |
# |
|a Viện thông tin khoa học xã hội
|
| 245 |
0 |
0 |
|a Bộ tài liệu các vấn đề văn minh văn hóa, văn hóa vùng, văn hóa xã hội các nước trên thế giới
|
| 260 |
# |
# |
|a H.
|b Viện thông tin khoa học xã hội
|c 2003
|
| 300 |
# |
# |
|a 299 tr.
|c 26 cm.
|
| 500 |
# |
# |
|a 19 tài liệu
|
| 653 |
# |
# |
|a Văn hóa
|a văn minh
|a văn hóa vùng
|a văn hóa xã hội
|
| 852 |
# |
# |
|b Kho mượn
|j KM.0001064, KM.0001065, KM.0001066, KM.0001185
|
| 852 |
# |
# |
|b Kho đọc
|j KD.0001037
|
| 852 |
# |
# |
|j KM.0001064
|j KM.0001066
|j KM.0001065
|j KM.0001185
|j KD.0001037
|
| 910 |
|
|
|d 30/03/2011
|
| 980 |
# |
# |
|a Trung tâm Học liệu Lê Vũ Hùng, Trường Đại học Đồng Tháp
|